REEL IDEP

Materiales para apoya la labor docente y el trabajo en el Aula. Seriados de televisión como Francisco el Matemático. Talleres para formación en valores. Aula viva (los secretos de la vida en el salo de clases) de Canal Capital. Vida Maestra. Las Claves del Altillo.

Gardado en:
Detalles Bibliográficos
Formato: Unknown
Publicado: s.l. IDEP, 2001.
Subjects:
Acceso en liña:Enlace del recurso
Tags: Engadir etiqueta
Sen Etiquetas, Sexa o primeiro en etiquetar este rexistro!

MARC

LEADER 00000 a2200000 4500
001 001641
008 090105
082 0 4 |a DVD /  |b 055 
245 1 0 |a REEL IDEP 
260 |a s.l.  |b IDEP,  |c 2001. 
300 |a 1 DVD;  
306 |a 04:04 minutos. 
520 |a Materiales para apoya la labor docente y el trabajo en el Aula. Seriados de televisión como Francisco el Matemático. Talleres para formación en valores. Aula viva (los secretos de la vida en el salo de clases) de Canal Capital. Vida Maestra. Las Claves del Altillo.  
650 |a PROGRAMAS PEDAGÓGICOS 
999 |c 3793  |d 3793 
856 |u https://catalogo.idep.edu.co/cgi-bin/koha/opac-detail.pl?biblionumber=3793  |z Enlace del recurso